| 000 | 00516nam a22001817a 4500 | ||
|---|---|---|---|
| 003 | LC | ||
| 005 | 20170227150254.0 | ||
| 008 | 131002t xxu||||| |||| 00| 0 eng d | ||
| 020 | _a978979502111 | ||
| 050 |
_aBD 595 _b.Y95 2011 |
||
| 082 |
_aGLT 231 _bY9 2011 |
||
| 100 |
_aYuzon, Virgilio _922741 |
||
| 245 |
_aLooking at god 70 ways / _cVirgilo A. Yuzon. |
||
| 260 |
_aMakati City, Philippines : _bStill Mountains Publishing, _c2011 |
||
| 300 |
_a115 p. : _bill. ; _c15 cm. |
||
| 942 |
_2lcc _cBK |
||
| 999 |
_c12633 _d12633 |
||